Credit after bankruptcy : (Record no. 950)

MARC details
000 -LEADER
fixed length control field 00752nam a2200241 a 4500
005 - DATE AND TIME OF LATEST TRANSACTION
control field 20260322212040.0
008 - FIXED-LENGTH DATA ELEMENTS--GENERAL INFORMATION
fixed length control field data
010 ## - LIBRARY OF CONGRESS CONTROL NUMBER
LC control number 98-084366
020 ## - INTERNATIONAL STANDARD BOOK NUMBER
International Standard Book Number 1891945009
020 ## - INTERNATIONAL STANDARD BOOK NUMBER
International Standard Book Number 9781891945007
040 ## - CATALOGING SOURCE
Original cataloging agency Donation
092 ## - LOCALLY ASSIGNED DEWEY CALL NUMBER (OCLC)
Classification number 332.7 C74 1998
001 - CONTROL NUMBER
control field data
100 1# - MAIN ENTRY--PERSONAL NAME
Personal name Snyder, Stephen E.
245 10 - TITLE STATEMENT
Title Credit after bankruptcy :
Remainder of title a step-by-step action plan to quick and lasting recovery after personalbankruptcy
Statement of responsibility, etc. Stephen Snyder.
260 ## - PUBLICATION, DISTRIBUTION, ETC.
Place of publication, distribution, etc. Indianapolis, IN
Name of publisher, distributor, etc. Bellwether
Date of publication, distribution, etc. 1998
300 ## - PHYSICAL DESCRIPTION
Extent vi, 216 p. ;
Dimensions 24 cm.
500 ## - GENERAL NOTE
General note Includes index.
500 ## - GENERAL NOTE
General note Library has: 2 copies (1-Civil, 1-Forensic).
650 02 - SUBJECT ADDED ENTRY--TOPICAL TERM
Topical term or geographic name entry element Bankruptcy
Geographic subdivision United States
650 #4 - SUBJECT ADDED ENTRY--TOPICAL TERM
Topical term or geographic name entry element Consumer credit
Geographic subdivision United States
650 #4 - SUBJECT ADDED ENTRY--TOPICAL TERM
Topical term or geographic name entry element Finance, Personal
Geographic subdivision United States
Holdings
Withdrawn status Lost status Damaged status Not for loan Home library Current library Shelving location Date acquired Total checkouts Full call number Barcode Date last seen Price effective from Koha item type
        Springfield Springfield General stacks 22/03/2026   GEN BC0010982 22/03/2026 22/03/2026 Books